| 000 | 00826nas a2200265 4500 | ||
|---|---|---|---|
| 001 | BR0704275 | ||
| 003 | BR-BrBNA | ||
| 005 | 20231205111106.0 | ||
| 007 | ta | ||
| 008 | 230509b bl.|||p| |||| 00| 00por d | ||
| 040 |
_aBR-BrBNA _bpor _cBiblioteca Nacional de Agricultura |
||
| 041 | _a(Pt) | ||
| 072 | _aP34 | ||
| 100 | 1 | _aMergulhão, A.C.E.S. | |
| 100 | 1 | _aSilva, M.L.R.B. | |
| 100 | 1 | _aBurity, H.A. | |
| 100 | 1 | _aStamford, N.P. | |
| 245 | 1 | _aInfluência da dupla inoculação rizóbio e fungos micorrizas arbusculares em plantas de sabiá sob solos de diferentes texturas | |
| 650 | _aSABIA | ||
| 650 | _aRHYZOBIUM | ||
| 650 | _aMICORRIZA | ||
| 773 | 0 |
_tEcossistema (Brazil) _xISSN 0100-4107 _g(Jan-Jul 2001), v. 26(1) p. 42-47 _wBR0704275 |
|
| 909 |
_a202311 _bLúcia _c55 _dLúcia Elande |
||
| 942 |
_2AGRIS _n0 _cANA |
||
| 999 |
_c190602 _d190602 |
||